[Event "Benidorm op U2000 15th"]
[Site "Benidorm"]
[Date "2016.12.07"]
[Round "7"]
[White "Perez Garcia, Jose Miguel"]
[Black "Calderon Alzate, Ivan Alejandro"]
[Result "1-0"]
[WhiteElo "1928"]
[BlackElo "1996"]
[PlyCount "29"]
[EventDate "2016.12.02"]
[EventType "swiss"]
[EventRounds "10"]
[EventCountry "ESP"]
[SourceTitle "EXT 2019"]
[Source "ChessBase"]
[SourceDate "2018.10.10"]
[SourceVersion "1"]
[SourceVersionDate "2018.10.10"]
[SourceQuality "1"]

1. Nf3 Nf6 2. c4 g6 3. Nc3 Bg7 4. g3 0-0 5. Bg2 c5 6. 0-0 Nc6 7. d4 cxd4 8. Nxd4 a6 9. b3 Qc7 10. Bb2 d6 11. Rc1 Nxd4 12. Qxd4 Nd7 13. Qxg7+ Kxg7 14. Nd5+ Kg8 15. Nxe7# 1-0

[Event "Benidorm op U2000 15th"]
[Site "Benidorm"]
[Date "2016.12.02"]
[Round "1"]
[White "Vicente Montes, Luis Miguel"]
[Black "Calderon Alzate, Ivan Alejandro"]
[Result "0-1"]
[WhiteElo "1756"]
[BlackElo "1996"]
[PlyCount "38"]
[EventDate "2016.12.02"]
[EventType "swiss"]
[EventRounds "10"]
[EventCountry "ESP"]
[SourceTitle "EXT 2019"]
[Source "ChessBase"]
[SourceDate "2018.10.10"]
[SourceVersion "1"]
[SourceVersionDate "2018.10.10"]
[SourceQuality "1"]

1. d4 Nf6 2. Bg5 e6 3. e4 h6 4. Bxf6 Qxf6 5. c3 d6 6. Bd3 Nc6 7. Ne2 e5 8. d5 Ne7 9. 0-0 g5 10. Nd2 h5 11. g3 h4 12. f4 hxg3 13. hxg3 gxf4 14. Rf2 Qh6 15. Rg2 Bh3 16. Rh2 fxg3 17. Nxg3 Qe3+ 18. Kh1 Qxg3 19. Bf1 Bg2+ 0-1

[Event "Cornella de Llobregat Vallve Pinol 3rd"]
[Site "Cornella de Llobregat"]
[Date "2015.11.23"]
[Round "9.6"]
[White "Calderon Alzate, Ivan Alejandro"]
[Black "Garcia Riera, Josep"]
[Result "1/2-1/2"]
[WhiteElo "2030"]
[BlackElo "2098"]
[PlyCount "78"]
[EventDate "2015.09.21"]
[EventType "swiss"]
[EventRounds "9"]
[EventCountry "ESP"]
[SourceTitle "EXT 2024"]
[Source "ChessBase"]
[SourceDate "2023.10.10"]
[SourceVersion "1"]
[SourceVersionDate "2023.10.10"]
[SourceQuality "1"]

1. d4 d5 2. c4 c6 3. Nc3 e6 4. Nf3 Nf6 5. e3 Nbd7 6. Qc2 Bd6 7. Bd3 0-0 8. e4 dxe4 9. Nxe4 Nxe4 10. Bxe4 Nf6 11. Bd3 c5 12. dxc5 Bxc5 13. 0-0 h6 14. a3 a5 15. b3 b6 16. Bb2 Bb7 17. Rfd1 Qe7 18. Ne5 Rfd8 19. Qe2 Rd6 20. Bc3 Bxa3 21. Rxa3 Rxd3 22. Rxd3 Qxa3 23. Bb2 Qe7 24. Ng4 Nxg4 25. Qxg4 Qg5 26. Qxg5 hxg5 27. Rd6 Be4 28. f3 Bc2 29. Rxb6 a4 30. bxa4 Bxa4 31. Kf2 Rc8 32. Rb4 Bc6 33. Be5 f6 34. Bd4 Kf7 35. Rb2 e5 36. Bb6 e4 37. fxe4 Bxe4 38. c5 Bc6 39. Rd2 Re8 1/2-1/2

[Event "Barcelona Sant Marti op-B 14th"]
[Site "Barcelona"]
[Date "2012.07.16"]
[Round "4"]
[White "Dayan Sutton, Isaac"]
[Black "Calderon Alzate, Ivan Alejandro"]
[Result "1-0"]
[WhiteElo "1891"]
[BlackElo "1764"]
[PlyCount "29"]
[EventDate "2012.07.13"]
[EventType "swiss"]
[EventRounds "9"]
[EventCountry "ESP"]
[SourceTitle "CBM 149 Extra"]
[Source "ChessBase"]
[SourceDate "2012.08.24"]
[SourceVersion "1"]
[SourceVersionDate "2012.08.24"]
[SourceQuality "1"]

1. e4 c5 2. Nf3 d6 3. d4 cxd4 4. Nxd4 Nf6 5. Nc3 a6 6. Be3 e5 7. Nb3 Be7 8. f3 Be6 9. Qd2 Nbd7 10. 0-0-0 b5 11. g4 Nb6 12. Kb1 Rc8 13. g5 b4 14. gxf6 gxf6 15. Nd5 1-0